<?xml version="1.0" encoding="UTF-8"?>
<marc:record xmlns:marc="http://www.loc.gov/MARC21/slim">
   <marc:leader>00000nam a2200000 a 4500</marc:leader>
   <marc:datafield ind1="1" ind2=" " tag="100">
      <marc:subfield code="a">Coppola, Sofia</marc:subfield>
   </marc:datafield>
   <marc:datafield ind1="1" ind2=" " tag="100">
      <marc:subfield code="a">Chang, Katie</marc:subfield>
   </marc:datafield>
   <marc:datafield ind1="1" ind2=" " tag="100">
      <marc:subfield code="a">Watson, Emma</marc:subfield>
   </marc:datafield>
   <marc:datafield ind1="0" ind2="0" tag="245">
      <marc:subfield code="a">The Bling Ring</marc:subfield>
   </marc:datafield>
   <marc:datafield ind1="0" ind2="0" tag="245">
      <marc:subfield code="c">Darsteller: Emma Watson, Katie Chang ... Regie: Sofia Coppola</marc:subfield>
   </marc:datafield>
   <marc:datafield ind1=" " ind2="1" tag="264">
      <marc:subfield code="a">Hamburg</marc:subfield>
      <marc:subfield code="b">Universal Pictures Germany GmbH</marc:subfield>
      <marc:subfield code="c">2013</marc:subfield>
   </marc:datafield>
   <marc:datafield ind1="1" ind2=" " tag="520">
      <marc:subfield code="a">Tagsüber schwänzen sie die Schule und hängen lieber am Strand ab, die Nächte durchtanzen sie in LAs angesagten Clubs - immer auf der Suche nach dem nächsten Kick. Bis die Teenagerclique um Anführerin Rebecca und Kumpel Mark den ultimativen Thrill entdeckt: Einbruch in vorübergehend leerstehende Häuser der Hollywoodstars! Es beginnt eine ausgelassene "Shopping-Tour" durch die Luxusvillen von Beverly Hills, zu der sich auch Nicki, ihre Schwester Sam und Freundin Cleo mitreißen lassen. Schafft es die Clique, rechtzeitig wieder auszusteigen, oder endet die Party mit dem nächsten Einbruch?</marc:subfield>
   </marc:datafield>
   <marc:datafield ind1=" " ind2=" " tag="020">
      <marc:subfield code="a">B00EE1TN2C</marc:subfield>
      <marc:subfield code="9">B00EE1TN2C</marc:subfield>
   </marc:datafield>
   <marc:datafield ind1="0" ind2=" " tag="490">
      <marc:subfield code="v">0</marc:subfield>
   </marc:datafield>
   <marc:datafield ind1=" " ind2=" " tag="300">
      <marc:subfield code="a">1 DVD (ca. 87 Min.)</marc:subfield>
   </marc:datafield>
</marc:record>
